Etiqueta de registo: 00988cas 2200313 450
001 860806
003 http://id.bnportugal.gov.pt/bib/catbnp/860806
005 19990127000000.0
011 ## $a0873-0598
021 ## $aPT$b66057/93
095 ## $aPTBN00616281
100 ## $a19940819a19939999m y0pory0103 ba
101 0# $apor
102 ## $aPT
106 ## $ar
110 ## $abuuzz..0yy0
200 1# $aCadernos$fAssociação das Mulheres Agricultoras Portuguesas
207 #0 $a1 (1993)-
210 #9 $aLisboa$cA.M.A.P.,$d1993-
215 ## $d21 cm
300 ## $aCada n. catalogado monograficamente
530 1# $aCadernos - Associação das Mulheres Agricultoras Portuguesas
601 02 $2SIPOR$3146403
620 ## $dLisboa
675 ## $a631-055.2(469)(05)$vBN$zpor$3777464
675 ## $a061.23(469)(05)$vBn$zpor$3432634
712 02 $aAssociação das Mulheres Agricultoras Portuguesas$4650$3142309
801 #0 $aPT$bBN$gRPC
966 ## $c2$d1$lBN$mFGREV$sP.P. 21892 V.$x1
Etiqueta de registo: 01049cas 2200325 450
001 950599
003 http://id.bnportugal.gov.pt/bib/catbnp/950599
005 20000904120800.0
021 ## $aPT$b118101/97
095 ## $aPTBN00965040
100 ## $a19980323b19971997m y0pory0103 ba
101 0# $apor
102 ## $aPT
106 ## $ar
110 ## $aauuzz..0yy0
200 1# $aA.M.A.P. informação$fpropr. Associação das Mulheres Agricultoras Portuguesas
207 #0 $aA. 1, n. 1 (1997)
210 #9 $aLisboa$cA.M.A.P.,$d1997
215 ## $d30 cm
515 1# $aNotícias AMAP
532 10 $aAssociação das Mulheres Agricultoras Portuguesas informação
601 02 $2SIPOR$3281559
620 ## $dLisboa
675 ## $a061.23(469)(05)$vBN$zpor$3432634
675 ## $a631(05)$vBN$zpor$3311066
712 02 $aAssociação das Mulheres Agricultoras Portuguesas$4650$3142309
801 #0 $aPT$bBN$gRPC
966 ## $c2$dA. 1$en. 1$lBN$mFGREV$sP.P. 23922 V.$x1
Etiqueta de registo: 00000nkm 2200025 450
001 2280123
003 http://id.bnportugal.gov.pt/bib/catbnp/2280123
100 ## $a20260313f1992 m y0pory01030103ba
101 0# $apor
102 ## $aPT
200 1# $aMais seguro, mais futuro$bVisual gráfico]$fAssociação das Mulheres Agricultoras Portuguesas$gdesenho Fernanda Fragateiro
210 #9 $aCoimbra$cAssociação das Mulheres Agricultoras Portuguesas,$d[1992]
215 ## $a1 cartaz$ccolor.$d98x66 cm
306 ## $aDatação em conformidade com as características formais do documento
317 ## $aColeção Madeira Luís
702 #1 $aFragateiro,$bFernanda,$f1962-$4040$329723
710 02 $aAssociação das Mulheres Agricultoras Portuguesas$3142309
801 #0 $aPT$bBN$gRPC
966 ## $lBN$mICONOG$sCT. 7938 R.$x3
971 ## $cCatmusica8$d20260313
995 ## $aPRR2026